Sports Quiz

Random Sports Quiz
Score 0/10 Timer 01:00
0 Plays Today
Runner % Correct
Dan Smith
75%
Joven
62.5%
Zac Cox
50%
Joe Westrick
50%
Matt Thomas
50%
Coleslaw
50%
Corey Gulakowski
37.5%
T Wynn
37.5%
Baby Kashmir
37.5%
Guy Black
25%

You're not logged in!

Compare scores with friends on all Sporcle quizzes.
OR
Log In

Sporcle TV

Today on Sporcle TV


Watch our educational content, quiz creation guides, and fun videos on Sporcle TV.

Show Comments

Extras

Created Oct 29, 2013ReportNominate
Tags:2013, least, Runner, Varsity

Top Quizzes Today


Score Distribution

Paid Content

Your Account Isn't Verified!

In order to create a playlist on Sporcle, you need to verify the email address you used during registration. Go to your Sporcle Settings to finish the process.

Report this User

Report this user for behavior that violates our Community Guidelines.

Details: